[Event "Semi slav: Botvinnik system KO"]
[Site "SchemingMind.com"]
[Date "2009.07.19"]
[Round "-"]
[White "gianni"]
[Black "Schaakmaatje"]
[Result "0-1"]
[WhiteCountry "NED"]
[BlackCountry "NED"]
[WhiteElo "1637"]
[WhiteRD "87"]
[BlackElo "1736"]
[BlackRD "50"]
[GameID "212661"]

1. d4 d5 2. c4 c6 3. Nc3 e6 4. Nf3 Nf6 5. Bg5 dxc4 6. e4 b5 7. e5 h6 8. Bxf6 gxf6 9. Be2 fxe5 10. Nxe5 Bd6
11. Ne4 Bxe5 12. dxe5 Qxd1+ 13. Rxd1 Ke7 14. O-O Na6 15. Bf3 Bd7 16. Nc3 Nc7 17. Ne4 Nd5 18. Nc5 h5 19. a3 a5 20. g3 h4
21. Rd4 Rag8 22. a4 hxg3 23. fxg3 Be8 24. Kg2 f5 25. Nb7 Ne3+ 26. Kf2 Nxf1 27. Kxf1 Rxh2 28. Nxa5 Rxg3 29. Nxc6+ Kf8 30. Rf4 bxa4
31. Nd4 Ke7 32. Ne2 Rg5 33. Rxc4 Bb5 34. Rc7+ Kd8 35. Rb7 Bxe2+ 36. Bxe2 Rh4 37. Bb5 Rg3 38. Ra7 Rf4+ 39. Ke2 Rg2+ 40. Ke3 Re4+
41. Kf3 Rxb2 42. Bxa4 Rxe5 43. Rf7 Re4 44. Bc6 Rb3+ 45. Kf2 Rc4 46. Bf3 Rc2+ 47. Kg3 Rcc3 48. Kf4 Rxf3+ 49. Ke5 Rfe3+ 50. Kd6 Rbd3+
51. Kc5 Rd7 52. Rf8+ Ke7 53. Rh8 Rd5+ 54. Kc6 Rc3+ 55. Kb6 Rd1 56. Kb5 Rb1+ 57. Ka4 Rcb3 58. Rh4 Rb8
0-1

[Event "Semi slav: Botvinnik system KO"]
[Site "SchemingMind.com"]
[Date "2009.07.19"]
[Round "-"]
[White "Schaakmaatje"]
[Black "gianni"]
[Result "1-0"]
[WhiteCountry "NED"]
[BlackCountry "NED"]
[WhiteElo "1725"]
[WhiteRD "50"]
[BlackElo "1653"]
[BlackRD "96"]
[GameID "212662"]

1. d4 d5 2. c4 c6 3. Nc3 e6 4. Nf3 Nf6 5. Bg5 dxc4 6. e4 b5 7. e5 h6 8. Bh4 g5 9. Nxg5 hxg5 10. Bxg5 Be7
11. Bxf6 Bxf6 12. exf6 Qxf6 13. Be2 Nd7 14. Ne4 Qg6 15. Bf3 Bb7 16. Nd6+ Ke7 17. Nxb7 Rab8 18. Bxc6 a6 19. f4 e5 20. Bf3 exf4
21. Qe2+ Kf8 22. O-O Re8 23. Qd2 Nf6 24. Qxf4 Nh5 25. Qd6+ Qxd6 26. Nxd6 Re6 27. Bxh5 Rxh5 28. Nxf7 Re7 29. Ne5+ Kg7 30. Rf4 Re6
31. Raf1 Rg5 32. Rf7+ Kh6 33. R7f6+ Rxf6 34. Rxf6+ Kh5 35. g4+ Rxg4+ 36. Nxg4 Kxg4 37. Rxa6 b4 38. Rb6 c3 39. bxc3 bxc3 40. Rc6
1-0

[Event "Semi slav: Botvinnik system KO"]
[Site "SchemingMind.com"]
[Date "2009.07.17"]
[Round "-"]
[White "soundso"]
[Black "aadaam"]
[Result "0-1"]
[WhiteCountry "USA"]
[BlackCountry "INT"]
[WhiteElo "1601"]
[WhiteRD "105"]
[BlackElo "1748"]
[BlackRD "47"]
[GameID "212839"]

1. d4 d5 2. c4 c6 3. Nc3 e6 4. Nf3 Nf6 5. Bg5 dxc4 6. e4 b5 7. e5 h6 8. Bh4 g5 9. Nxg5 hxg5 10. Bxg5 Nbd7
11. exf6 Bb7 12. g3 Qb6 13. Bg2 O-O-O 14. O-O c5 15. d5 b4 16. Na4 Qb5 17. dxe6 Bxg2 18. e7 Bxf1 19. exd8=Q+ Kxd8 20. Kxf1 Rxh2
21. Kg1 Rh8 22. Bh4 Kc7 23. b3 Qc6 24. Qg4 Ne5 25. Qf4 Bd6 26. Qc1 Nf3+ 27. Kf1 Nd2+ 28. Ke2 Re8+ 29. Kxd2 Qd5+ 30. Kc2 Re2+
0-1

[Event "Semi slav: Botvinnik system KO"]
[Site "SchemingMind.com"]
[Date "2009.07.17"]
[Round "-"]
[White "aadaam"]
[Black "soundso"]
[Result "1/2-1/2"]
[WhiteCountry "INT"]
[BlackCountry "USA"]
[WhiteElo "1777"]
[WhiteRD "50"]
[BlackElo "1611"]
[BlackRD "95"]
[GameID "212848"]

1. d4 d5 2. c4 c6 3. Nc3 e6 4. Nf3 Nf6 5. Bg5 dxc4 6. e4 b5 7. e5 h6 8. Bh4 g5 9. Nxg5 hxg5 10. Bxg5 Nbd7
11. exf6 Bb7 12. g3 Qc7 13. Bg2 O-O-O 14. O-O Bb4 15. Qf3 c5 16. Qxb7+ Qxb7 17. Bxb7+ Kxb7 18. dxc5 a6 19. Ne4 Nxc5 20. Nxc5+ Bxc5
21. Be3 Kc6 22. b3 c3 23. Bxc5 Kxc5 24. Rac1 b4 25. Rfe1 Rh5 26. Re4 Rd4 27. Re2 Rf5 28. a3 a5 29. f4 Rxf6 30. axb4+ axb4
31. Kf2 Rf5 32. Ra1 Kb6 33. Ke3 Rfd5 34. h4 Rd3+ 35. Kf2 Rd2 36. Ra2 Rxa2 37. Rxa2 Rc5 38. Ra1 c2 39. Rc1 f5 40. h5 Kc7
41. h6 Kd6 42. h7 Rc8 43. Ke2 Rh8 44. Rxc2 Rxh7 45. Rc4 Rb7 46. Rd4+=
1/2-1/2

[Event "Semi slav: Botvinnik system KO"]
[Site "SchemingMind.com"]
[Date "2009.07.21"]
[Round "-"]
[White "jtrochez1"]
[Black "agulla"]
[Result "0-1"]
[WhiteCountry "HON"]
[BlackCountry "ESP"]
[WhiteElo "1594"]
[WhiteRD "53"]
[BlackElo "1756"]
[BlackRD "97"]
[GameID "213270"]

1. d4 d5 2. c4 c6 3. Nc3 e6 4. Nf3 Nf6 5. Bg5 dxc4 6. e4 b5 7. e5 h6 8. Bd2 Nd5 9. a3 Nd7 10. Be2 Be7
11. Ne4 Bb7 12. b4 N7b6 13. Qc2 Na4 14. Nc3 Naxc3 15. Bxc3 Nxc3 16. Qxc3 O-O 17. O-O a5 18. Rfd1 axb4 19. axb4 Qb6 20. Rxa8 Rxa8
21. Ra1 Rxa1+ 22. Qxa1 Bxb4 23. Qb1 c5 24. dxc5 Bxc5 25. Qe1 Bxf3 26. Bxf3 b4 27. Be2 c3 28. Bd3 Bd4 29. h3 b3
0-1

[Event "Semi slav: Botvinnik system KO"]
[Site "SchemingMind.com"]
[Date "2009.07.21"]
[Round "-"]
[White "jimbo1531"]
[Black "marooned"]
[Result "0-1"]
[WhiteCountry "ENG"]
[BlackCountry "CHI"]
[WhiteElo "929"]
[WhiteRD "119"]
[BlackElo "1814"]
[BlackRD "84"]
[GameID "213271"]

1. d4 d5 2. c4 c6 3. Nc3 e6 4. Nf3 Nf6 5. Bg5 dxc4 6. e4 b5 7. Ne5 b4 8. Bxf6 Qxf6 9. g4 bxc3 10. g5 Qxg5
11. h4 Qf4 12. Qe2 Bb4 13. Qxc4 cxb2+ 14. Qxb4 bxa1=Q+ 15. Ke2 Qxe4+ 16. Kd2 Qaxd4+ 17. Qxd4 Qxd4+ 18. Bd3 Qxf2+ 19. Be2 Ba6 20. Rf1 Qxe2+
21. Kc1 Qxf1+ 22. Kd2 Nd7 23. Nxc6 Qd3+ 24. Kc1 Rc8 25. a3 Rxc6+ 26. Kb2 Rc2+ 27. Ka1 Qd1#
0-1

[Event "Semi slav: Botvinnik system KO"]
[Site "SchemingMind.com"]
[Date "2009.07.25"]
[Round "-"]
[White "agulla"]
[Black "jtrochez1"]
[Result "1-0"]
[WhiteCountry "ESP"]
[BlackCountry "HON"]
[WhiteElo "1756"]
[WhiteRD "97"]
[BlackElo "1594"]
[BlackRD "53"]
[GameID "213274"]

1. d4 d5 2. c4 c6 3. Nc3 e6 4. Nf3 Nf6 5. Bg5 dxc4 6. e4 b5 7. e5 h6 8. Bh4 Be7 9. exf6 Bxf6 10. Bxf6 Qxf6
11. Be2 O-O 12. O-O Nd7 13. Qc2 Bb7 14. Rad1 Rad8 15. b3 cxb3 16. axb3 a6 17. Ne4 Qe7 18. Nc5 Nxc5 19. dxc5 e5 20. b4 Bc8
21. Rxd8 Rxd8 22. Rd1 Rxd1+ 23. Qxd1 Bf5 24. Qd6 Qxd6 25. cxd6 f6 26. Nd2 Kf8 27. Bf3 Bd7 28. Ne4 Ke8 29. Nc5 g6 30. Nxa6 Kd8
31. Nb8 f5 32. Nxc6+ Bxc6 33. Bxc6 e4 34. Bxb5 g5 35. Bc6 g4 36. b5 h5 37. b6
1-0

[Event "Semi slav: Botvinnik system KO"]
[Site "SchemingMind.com"]
[Date "2009.07.21"]
[Round "-"]
[White "marooned"]
[Black "jimbo1531"]
[Result "1-0"]
[WhiteCountry "CHI"]
[BlackCountry "ENG"]
[WhiteElo "1814"]
[WhiteRD "84"]
[BlackElo "929"]
[BlackRD "119"]
[GameID "213275"]

1. d4 d5 2. c4 c6 3. Nc3 e6 4. Nf3 Nf6 5. Bg5 dxc4 6. e4 b5 7. e5 Ne4 8. Bxd8 Bb4 9. Qc2 Nxc3 10. bxc3 Be7
11. Bxe7 Kxe7 12. Rb1 f6 13. a4 bxa4 14. Bxc4 Rd8 15. Qxh7 Ba6 16. Qxg7+ Ke8 17. exf6 Bxc4 18. Qe7#
1-0

[Event "Semi slav: Botvinnik system KO"]
[Site "SchemingMind.com"]
[Date "2009.07.31"]
[Round "-"]
[White "jl1234"]
[Black "Eggy"]
[Result "1-0"]
[WhiteCountry "POL"]
[BlackCountry "ENG"]
[WhiteElo "1816"]
[WhiteRD "72"]
[BlackElo "1655"]
[BlackRD "91"]
[GameID "214337"]

1. d4 d5 2. c4 c6 3. Nc3 e6 4. Nf3 Nf6 5. Bg5 dxc4 6. e4 b5 7. e5 h6 8. Bh4 g5 9. exf6 gxh4 10. Ne4 Nd7
11. Ne5 Bb7 12. Nxf7 Kxf7 13. Qh5+ Kg8 14. Qg6+
1-0

[Event "Semi slav: Botvinnik system KO"]
[Site "SchemingMind.com"]
[Date "2009.08.03"]
[Round "-"]
[White "marooned"]
[Black "andu"]
[Result "1-0"]
[WhiteCountry "CHI"]
[BlackCountry "AUT"]
[WhiteElo "1858"]
[WhiteRD "83"]
[BlackElo "1892"]
[BlackRD "50"]
[GameID "214338"]

1. d4 d5 2. c4 c6 3. Nc3 e6 4. Nf3 Nf6 5. Bg5 dxc4 6. e4 b5 7. e5 h6 8. Bh4 g5 9. Nxg5 hxg5 10. Bxg5 Nbd7
11. exf6 Bb7 12. g3 c5 13. d5 exd5 14. Bg2 b4 15. Nxd5
1-0

[Event "Semi slav: Botvinnik system KO"]
[Site "SchemingMind.com"]
[Date "2009.07.31"]
[Round "-"]
[White "Eggy"]
[Black "jl1234"]
[Result "0-1"]
[WhiteCountry "ENG"]
[BlackCountry "POL"]
[WhiteElo "1655"]
[WhiteRD "91"]
[BlackElo "1816"]
[BlackRD "72"]
[GameID "214345"]

1. d4 d5 2. c4 c6 3. Nc3 e6 4. Nf3 Nf6 5. Bg5 dxc4 6. e4 b5 7. e5 h6 8. exf6 hxg5 9. fxg7 Bxg7 10. Ne5 Rh4
11. Nf3 Rh6 12. Qd2 f6 13. O-O-O a6 14. Ne4 Nd7 15. Be2 g4 16. Ne1 f5 17. Nd6+ Kf8 18. Qf4 Rh4 19. g3 Bh6
0-1

[Event "Semi slav: Botvinnik system KO"]
[Site "SchemingMind.com"]
[Date "2009.07.31"]
[Round "-"]
[White "andu"]
[Black "marooned"]
[Result "0-1"]
[WhiteCountry "AUT"]
[BlackCountry "CHI"]
[WhiteElo "1892"]
[WhiteRD "50"]
[BlackElo "1858"]
[BlackRD "83"]
[GameID "214346"]

1. d4 d5 2. c4 c6 3. Nc3 e6 4. Nf3 Nf6 5. Bg5 dxc4 6. e4 b5 7. e5 h6 8. Bh4 g5 9. Nxg5 hxg5 10. Bxg5 Nbd7
11. exf6 Bb7 12. Be2 Qc7 13. O-O Qxh2#
0-1

[Event "Semi slav: Botvinnik system KO"]
[Site "SchemingMind.com"]
[Date "2009.08.03"]
[Round "-"]
[White "maro"]
[Black "Wojciech  Langer"]
[Result "0-1"]
[WhiteCountry "MEX"]
[BlackCountry "INT"]
[WhiteElo "1292"]
[WhiteRD "48"]
[BlackElo "1705"]
[BlackRD "77"]
[GameID "214573"]

1. d4 d5 2. c4 c6 3. Nc3 e6 4. Nf3 Nf6 5. Bg5 dxc4 6. e4 b5 7. e5 h6 8. Bxf6 gxf6 9. Qe2 Nd7 10. exf6 Qxf6
11. Qe4 Bb7 12. Nxb5 Qd8 13. Bxc4 Bb4+ 14. Ke2 cxb5 15. Qxb7 Rb8 16. Qxa7 bxc4 17. Rhd1 Rg8 18. Ne5 Nxe5 19. dxe5 Qc8 20. Qa4+ Kf8
21. a3 Be7 22. Rac1 Rxb2+ 23. Rc2 Rxc2+ 24. Qxc2 Rg6 25. g3 Qc5 26. Qc3 Qxa3 27. Qxc4 Qb2+ 28. Rd2 Qxe5+ 29. Kf1 Rg5 30. Qc8+ Kg7
31. f4 Qb5+ 32. Kg2 Rd5 33. Qc3+ Bf6 34. Qe3 Rxd2+ 35. Qxd2 Qb2 36. Qxb2 Bxb2 37. Kf3 f5 38. g4 fxg4+ 39. Kxg4 Kg6 40. h3 h5+
41. Kf3 Kf5 42. Kg3 Bc1 43. Kh4 Bxf4 44. Kxh5 e5
0-1

[Event "Semi slav: Botvinnik system KO"]
[Site "SchemingMind.com"]
[Date "2009.08.03"]
[Round "-"]
[White "Wojciech  Langer"]
[Black "maro"]
[Result "1-0"]
[WhiteCountry "INT"]
[BlackCountry "MEX"]
[WhiteElo "1705"]
[WhiteRD "77"]
[BlackElo "1292"]
[BlackRD "48"]
[GameID "214579"]

1. d4 d5 2. c4 c6 3. Nc3 e6 4. Nf3 Nf6 5. Bg5 dxc4 6. e4 b5 7. a3 Be7 8. Be2 O-O 9. Qc2 Na6 10. O-O Rb8
11. Ne5 c5 12. Nc6 Qc7 13. Nxb8 Qxb8 14. dxc5 Nxc5 15. Rad1 h6 16. Bh4 Re8 17. Bg3 Bd6 18. Bxd6 Qb6 19. Bxc5 Qxc5 20. Bf3 e5
21. Rd2 Bg4 22. Rfd1 Bxf3 23. gxf3 Nh7 24. Rd8 Rxd8 25. Rxd8+ Nf8 26. Qd2 Kh7 27. Qd6 Qxd6 28. Rxd6 f6 29. Nxb5
1-0

[Event "Semi slav: Botvinnik system KO"]
[Site "SchemingMind.com"]
[Date "2009.08.07"]
[Round "-"]
[White "psyberduck"]
[Black "Uzi Mike"]
[Result "0-1"]
[WhiteCountry "USA"]
[BlackCountry "USA"]
[WhiteElo "1291"]
[WhiteRD "121"]
[BlackElo "2128"]
[BlackRD "88"]
[GameID "215037"]

1. d4 d5 2. c4 c6 3. Nc3 e6 4. Nf3 Nf6 5. Bg5 dxc4 6. e4 b5 7. Ne5 h6 8. Bxf6 gxf6 9. Nf3 Rg8 10. g3 Bb7
11. Bh3 b4 12. Na4 Nd7 13. Nc5 Bxc5 14. dxc5 Nxc5 15. Qxd8+ Rxd8 16. O-O Nxe4 17. Rac1 c3 18. b3 Nd2 19. Nxd2 cxd2 20. Rcd1 Ba6
21. Bg4 Rxg4 22. f3 Bxf1 23. fxg4 Be2 24. Rb1 d1=Q+ 25. Rxd1 Rxd1+
0-1

[Event "Semi slav: Botvinnik system KO"]
[Site "SchemingMind.com"]
[Date "2009.08.08"]
[Round "-"]
[White "Uzi Mike"]
[Black "psyberduck"]
[Result "1-0"]
[WhiteCountry "USA"]
[BlackCountry "USA"]
[WhiteElo "2050"]
[WhiteRD "102"]
[BlackElo "1292"]
[BlackRD "117"]
[GameID "215045"]

1. d4 d5 2. c4 c6 3. Nc3 e6 4. Nf3 Nf6 5. Bg5 dxc4 6. e4 b5 7. e5 h6 8. Bh4 g5 9. Nxg5 Qa5 10. Nxf7 Kxf7
11. Bxf6 Rg8 12. Be2 Be7 13. Bh5+ Kf8 14. Qf3 Bxf6 15. Qxf6#
1-0

[Event "Semi slav: Botvinnik system KO"]
[Site "SchemingMind.com"]
[Date "2009.08.19"]
[Round "-"]
[White "jl1234"]
[Black "Wojciech  Langer"]
[Result "0-1"]
[WhiteCountry "POL"]
[BlackCountry "INT"]
[WhiteElo "1818"]
[WhiteRD "74"]
[BlackElo "1703"]
[BlackRD "79"]
[GameID "216052"]

1. d4 d5 2. c4 c6 3. Nc3 e6 4. Nf3 Nf6 5. Bg5 dxc4 6. e4 b5 7. e5 h6 8. Bh4 g5 9. exf6 gxh4 10. Ne4 Bb4+
11. Nc3 Qxf6 12. Be2 Bb7 13. O-O Nd7 14. Ne4 Qg6 15. Qb1 O-O-O 16. Nxh4 Qg7 17. Nf3 Rhg8 18. Ng3 f5 19. Qc1 Bd6 20. Nh4 Be7
21. Nh5 Qxd4 22. Nf3 Qg4 23. Ng3 Qg7 24. Ne1 Rdf8 25. Nh5 Qe5 26. Bf3 Bd6 27. Ng3 Rf6 28. Qd2 Rg5 29. Rd1 Kc7 30. h4 Rxg3
31. fxg3 Qxg3 32. Rf2 Qe5 33. h5 Rf7 34. Kf1 Bc5 35. Kg1 Qe3 36. Kf1 Qxf2+ 37. Qxf2 Bxf2 38. Kxf2 e5 39. Nc2 e4 40. Be2 c5
41. Na3 a6 42. Rc1 e3+ 43. Kxe3 Bxg2 44. Rg1 Be4 45. Rg6 Rf6 46. Bd1 Kd6 47. Nc2 Ke6 48. Kf4 Rxg6 49. hxg6 Kf6 50. g7 Kxg7
51. Ne3 Kf6 52. Nf1 Nb6 53. Ne3 Nd5+ 54. Nxd5+ Bxd5 55. a3 a5 56. Be2 b4
0-1

[Event "Semi slav: Botvinnik system KO"]
[Site "SchemingMind.com"]
[Date "2009.08.19"]
[Round "-"]
[White "Wojciech  Langer"]
[Black "jl1234"]
[Result "0-1"]
[WhiteCountry "INT"]
[BlackCountry "POL"]
[WhiteElo "1703"]
[WhiteRD "79"]
[BlackElo "1818"]
[BlackRD "74"]
[GameID "216056"]

1. d4 d5 2. c4 c6 3. Nc3 e6 4. Nf3 Nf6 5. Bg5 dxc4 6. e4 b5 7. Be2 Be7 8. a3 h6 9. Bf4 Nh5 10. Qd2 Nxf4
11. Qxf4 O-O 12. e5 f6 13. O-O Bb7 14. Qe3 Nd7 15. Rad1 Qc7 16. Nh4 fxe5 17. Ng6 Bg5 18. Qh3 Rf6 19. Bh5 c5 20. Ne7+ Kh7
21. Bg6+ Rxg6 22. Nxg6 Kxg6 23. Qxe6+ Bf6 24. dxe5 Nxe5 25. Nd5 Qf7 26. Nf4+ Kh7 27. Qxf7 Nxf7 28. Rd7 Nd8 29. Rfd1 Bc6 30. R7d2 Be8
31. Nd5 Bd4 32. Nc7 Rc8 33. Nxe8 Nb7 34. Re2 Rd8 35. Rde1 Na5 36. Re7 Nb3 37. R7e2 a5 38. Nc7 b4 39. Ne6 Rd6 40. Rc2 c3
41. axb4 cxb4 42. h3 Rxe6 43. Rxe6 cxb2 44. Re1 Na1 45. Rc4 Bc3 46. Rb1 Nb3 47. Rc6 Nd2
0-1

[Event "Semi slav: Botvinnik system KO"]
[Site "SchemingMind.com"]
[Date "2009.09.12"]
[Round "-"]
[White "aadaam"]
[Black "agulla"]
[Result "0-1"]
[WhiteCountry "INT"]
[BlackCountry "ESP"]
[WhiteElo "1751"]
[WhiteRD "63"]
[BlackElo "1787"]
[BlackRD "100"]
[GameID "219433"]

1. d4 d5 2. c4 c6 3. Nc3 e6 4. Nf3 Nf6 5. Bg5 dxc4 6. e4 b5 7. e5 h6 8. Bh4 g5 9. Nxg5 hxg5 10. Bxg5 Nbd7
11. Bxf6 Nxf6 12. exf6 Qxf6 13. Be2 Bd6 14. Ne4 Bb4+ 15. Kf1 Qf4 16. Ng3 Bb7 17. Bf3 O-O-O
0-1

[Event "Semi slav: Botvinnik system KO"]
[Site "SchemingMind.com"]
[Date "2009.09.12"]
[Round "-"]
[White "agulla"]
[Black "aadaam"]
[Result "1/2-1/2"]
[WhiteCountry "ESP"]
[BlackCountry "INT"]
[WhiteElo "1787"]
[WhiteRD "100"]
[BlackElo "1751"]
[BlackRD "63"]
[GameID "219436"]

1. d4 d5 2. c4 c6 3. Nc3 e6 4. Nf3 Nf6 5. Bg5 dxc4 6. e4 b5 7. e5 h6 8. Bh4 g5 9. Nxg5 hxg5 10. Bxg5 Nbd7
11. exf6 Bb7 12. Qf3 Qb6 13. Qe3 O-O-O 14. Ne4 c5 15. Rd1 cxd4 16. Qxd4 Nc5 17. Qxd8+ Qxd8 18. Rxd8+ Kxd8 19. Nxc5=
1/2-1/2

[Event "Semi slav: Botvinnik system KO"]
[Site "SchemingMind.com"]
[Date "2009.09.15"]
[Round "-"]
[White "jl1234"]
[Black "marooned"]
[Result "1/2-1/2"]
[WhiteCountry "POL"]
[BlackCountry "CHI"]
[WhiteElo "1791"]
[WhiteRD "77"]
[BlackElo "1843"]
[BlackRD "89"]
[GameID "219899"]

1. d4 d5 2. c4 c6 3. Nc3 e6 4. Nf3 Nf6 5. Bg5 dxc4 6. e4 b5 7. e5 h6 8. Bh4 g5 9. exf6 gxh4 10. a3 Nd7
11. Ne5 Qc7 12. Nxf7 Kxf7 13. Qh5+ Kxf6 14. Ne4+ Kg7 15. Qxh4 Rg8 16. Qg4+ Kh7 17. Qxe6 Qa5+ 18. Kd1 Qb6 19. Kc2 Qxd4 20. Rd1 Qg7
21. Qxc6 Rb8 22. Rxd7 Bxd7 23. Nf6+ Kh8 24. Nxd7 Qh7+ 25. Kc1 Bg7 26. Nxb8 Rxb8 27. Be2 h5 28. f4 c3 29. bxc3 Qf5 30. Qf3 Bxc3
31. Bd3 Qc5 32. Qe4 Qc7 33. Kd1 Rd8 34. Ke2 Qf7 35. Kf3 Qd7 36. Rd1 Qg4+ 37. Kf2 Bd4+ 38. Ke1 Bc3+ 39. Kf2 Bd4+ 40. Ke1 Bc3+
41. Kf2=
1/2-1/2

[Event "Semi slav: Botvinnik system KO"]
[Site "SchemingMind.com"]
[Date "2009.09.15"]
[Round "-"]
[White "marooned"]
[Black "jl1234"]
[Result "0-1"]
[WhiteCountry "CHI"]
[BlackCountry "POL"]
[WhiteElo "1831"]
[WhiteRD "88"]
[BlackElo "1835"]
[BlackRD "73"]
[GameID "219903"]

1. d4 d5 2. c4 c6 3. Nc3 e6 4. Nf3 Nf6 5. Bg5 dxc4 6. e4 b5 7. e5 h6 8. Bh4 g5 9. Nxg5 hxg5 10. Bxg5 Be7
11. exf6 Bxf6 12. Be3 Qd6 13. Qf3 Bxd4 14. Nxb5 Qb4+ 15. Ke2 Qxb2+ 16. Bd2 Qxb5 17. Bc3 Qe5+ 18. Kd2 Bxc3+ 19. Qxc3 Qxc3+ 20. Kxc3 Ba6
21. Bxc4 Bxc4 22. Kxc4 Na6 23. Rab1 Rh4+ 24. Kc3 Rd8 25. Rb7 Rd7 26. Rxd7 Kxd7 27. Rd1+ Kc7 28. h3 Nc5 29. Rd4 Rxd4 30. Kxd4 Kd6
31. g4 e5+ 32. Ke3 Ke6 33. f4 exf4+ 34. Kxf4 Nd3+ 35. Kg5 f6+ 36. Kh4 c5 37. Kg3 c4 38. Kf3 c3 39. Ke3 c2
0-1

[Event "Semi slav: Botvinnik system KO"]
[Site "SchemingMind.com"]
[Date "2009.12.22"]
[Round "-"]
[White "Uzi Mike"]
[Black "Schaakmaatje"]
[Result "1-0"]
[WhiteCountry "USA"]
[BlackCountry "NED"]
[WhiteElo "2185"]
[WhiteRD "81"]
[BlackElo "1680"]
[BlackRD "47"]
[GameID "231477"]

1. d4 d5 2. c4 c6 3. Nc3 e6 4. Nf3 Nf6 5. Bg5 dxc4 6. e4 b5 7. e5 h6 8. Bh4 g5 9. Nxg5 hxg5 10. Bxg5 Be7
11. exf6 Bxf6 12. Bxf6 Qxf6 13. g3 Bb7 14. Ne4 Qe7 15. Qf3 Qb4+ 16. Qc3 Qe7 17. d5 cxd5 18. Qxh8+
1-0

[Event "Semi slav: Botvinnik system KO"]
[Site "SchemingMind.com"]
[Date "2009.12.22"]
[Round "-"]
[White "Schaakmaatje"]
[Black "Uzi Mike"]
[Result "0-1"]
[WhiteCountry "NED"]
[BlackCountry "USA"]
[WhiteElo "1680"]
[WhiteRD "47"]
[BlackElo "2185"]
[BlackRD "81"]
[GameID "231479"]

1. d4 d5 2. c4 c6 3. Nc3 e6 4. Nf3 Nf6 5. Bg5 dxc4 6. e4 b5 7. e5 h6 8. Bh4 g5 9. Nxg5 hxg5 10. Bxg5 Nbd7
11. exf6 Bb7 12. Qf3 Qa5 13. Be2 O-O-O 14. a3 c5
0-1

[Event "Semi slav: Botvinnik system KO"]
[Site "SchemingMind.com"]
[Date "2010.01.30"]
[Round "-"]
[White "Uzi Mike"]
[Black "agulla"]
[Result "1-0"]
[WhiteCountry "USA"]
[BlackCountry "ESP"]
[WhiteElo "2206"]
[WhiteRD "87"]
[BlackElo "1700"]
[BlackRD "106"]
[GameID "237067"]

1. d4 d5 2. c4 c6 3. Nc3 e6 4. Nf3 Nf6 5. Bg5 dxc4 6. e4 b5 7. e5 h6 8. Bh4 g5 9. Nxg5 hxg5 10. Bxg5 Be7
11. exf6 Bxf6 12. Bxf6 Qxf6 13. g3 a6 14. Bg2 Bb7 15. Ne4 Qe7 16. Nc5 a5 17. Rc1 Na6 18. Nxb7 Qxb7 19. b3 cxb3 20. Bxc6+
1-0

[Event "Semi slav: Botvinnik system KO"]
[Site "SchemingMind.com"]
[Date "2010.01.31"]
[Round "-"]
[White "agulla"]
[Black "Uzi Mike"]
[Result "0-1"]
[WhiteCountry "ESP"]
[BlackCountry "USA"]
[WhiteElo "1700"]
[WhiteRD "106"]
[BlackElo "2206"]
[BlackRD "87"]
[GameID "237080"]

1. d4 d5 2. c4 c6 3. Nc3 e6 4. Nf3 Nf6 5. Bg5 dxc4 6. e4 b5 7. e5 h6 8. Bh4 g5 9. Nxg5 hxg5 10. Bxg5 Nbd7
11. Qf3 Bb7 12. Bxf6 Nxf6 13. Qxf6 Qxf6 14. exf6 O-O-O 15. Rd1 b4 16. Ne4 c3 17. bxc3 bxc3 18. Nxc3 Bb4
0-1

[Event "Semi slav: Botvinnik system KO"]
[Site "SchemingMind.com"]
[Date "2010.04.05"]
[Round "-"]
[White "Uzi Mike"]
[Black "jl1234"]
[Result "1-0"]
[WhiteCountry "USA"]
[BlackCountry "POL"]
[WhiteElo "2283"]
[WhiteRD "77"]
[BlackElo "1715"]
[BlackRD "77"]
[GameID "243819"]

1. d4 d5 2. c4 c6 3. Nc3 e6 4. Nf3 Nf6 5. Bg5 dxc4 6. e4 b5 7. e5 h6 8. Bh4 g5 9. Nxg5 hxg5 10. Bxg5 Be7
11. exf6 Bxf6 12. Bxf6 Qxf6 13. g3 Na6 14. Bg2 Nb4 15. Ne4 Qe7 16. Nc5 Nd5 17. Qe2 Qf6 18. Rd1 Kd8 19. O-O Qh6 20. h4 Qg7
21. Rfe1 Kc7 22. b3 cxb3 23. Bxd5 exd5 24. Qe7+ Kb6 25. Na6 bxa2 26. Qc7+
1-0

[Event "Semi slav: Botvinnik system KO"]
[Site "SchemingMind.com"]
[Date "2010.04.05"]
[Round "-"]
[White "jl1234"]
[Black "Uzi Mike"]
[Result "0-1"]
[WhiteCountry "POL"]
[BlackCountry "USA"]
[WhiteElo "1754"]
[WhiteRD "77"]
[BlackElo "2254"]
[BlackRD "87"]
[GameID "243827"]

1. d4 d5 2. c4 c6 3. Nc3 e6 4. Nf3 Nf6 5. Bg5 dxc4 6. e4 b5 7. e5 h6 8. Bh4 g5 9. Nxg5 hxg5 10. Bxg5 Nbd7
11. Be2 Rg8 12. Bxf6 Nxf6 13. exf6 Bb7 14. Bf3 Qxf6 15. O-O O-O-O 16. Ne4 Qxd4 17. Qc1 Qh8 18. b3 c5 19. Qe3 Rd3 20. Qf4 f5
21. Nd2 Bd6
0-1